Score 0/50 Timer 05:00
0 Plays Today
Word Answer % Correct
watermizu
40%
gaikokujinforeigner
39%
vegetablesyasai
38.1%
meatniku
37.1%
spiderkumo
35.2%
for the first timehajimete
34.3%
bearkuma
30.5%
chicken (meat)toriniku
30.5%
doobutsuenzoo
29.5%
ureshihappy
29.5%
kunicountry
29.5%
pan yabakery
27.6%
furuiold
26.7%
ichi ban sukifavourite
24.8%
dakaratherefore
23.8%
eigakancinema
22.9%
atoafter
22.9%
tokoroplace
22.9%
busyisogashii
21%
housewifeshufu
20%
shikenexam
20%
shumihobby
20%
to get on/ridenorimasu
19%
fruitkudamono
19%
aruite or arukimasuto walk
19%
Word Answer % Correct
hondanabookshelf
19%
kyoodaisiblings
18.1%
kamokusubject
16.2%
hatarakimasuto work at
16.2%
cookingryoori
15.2%
theme parkyuuenchi
15.2%
kusuriyachemist
14.3%
yasahiinice
14.3%
kyooshiteacher
14.3%
take careki o tsukete
13.3%
farmbokujoo
13.3%
ryuu gakkuseiexchange student
13.3%
yaoyagreen grocer
12.4%
kobanpolice box
12.4%
bad at/weak atnigate
12.4%
tansuwardrobe
12.4%
washiitsuJapanese style room
12.4%
karimasuto borrow
11.4%
primary schoolshoogakkoo
11.4%
futureshoorai
11.4%
sadootea ceremony
10.5%
self introductionjikoshookai
7.6%
sadoo butea ceremony club
7.6%
ishookenmeiwith all my might
7.6%
readingdokusho
6.7%
Remove Ads.
Support Sporcle.
Get the best of Sporcle when you Go Orange. This ad-free experience offers more features, more stats, and more fun while also helping to support Sporcle. Thank you for becoming a member.

You're not logged in!

Compare scores with friends on all Sporcle quizzes.
OR
Log In

Show Comments

Extras

Top Quizzes Today


Score Distribution

Your Account Isn't Verified!

In order to create a playlist on Sporcle, you need to verify the email address you used during registration. Go to your Sporcle Settings to finish the process.

Report this User

Report this user for behavior that violates our Community Guidelines.

Details: